Movies Quiz

Random Movies or Disney Quiz

Awesome disney people Quiz Stats

Quiz not verified by Sporcle

Challenge
Share
Tweet
Embed
Score 0/8 Timer 01:00
0 Plays Today
% Correct
miley cyrus
69.6%
selena gomez
65.2%
Zac Efron
30.4%
26.1%
mitchell muso
21.7%
bridget mendler
17.4%
cece and rocky
13%
dyllan and cole sprouse
13%

You're not logged in!

Compare scores with friends on all Sporcle quizzes.
Join for Free
OR
Log In

You Might Also Like...

Show Comments

Extras

Created Apr 14, 2011ReportNominate
Tags:Disney Quiz

Top Quizzes Today


Score Distribution

Your Account Isn't Verified!

In order to create a playlist on Sporcle, you need to verify the email address you used during registration. Go to your Sporcle Settings to finish the process.

Report this User

Report this user for behavior that violates our Community Guidelines.

Details: